FC Bayern München Frauen Kader 2025/26 - Statistiken

Allgemein
  • Dieses Quiz wurde 249 mal gespielt
  • Das Durchschnittsergebnis liegt bei 18 aus 25
Antwortstatistiken
Nummer Position Antwort % Korrekt
7 Verteidigung Gwinn
95%
8 Mittelfeld Oberdorf
90%
1 Tor Grohs
88%
11 Angriff Schüller
87%
17 Angriff Bühl
85%
31 Mittelfeld Stanway
84%
21 Angriff Harder
81%
32 Tor Mahmutovic
81%
10 Mittelfeld Dallmann
80%
5 Verteidigung Eriksson
79%
20 Verteidigung Kett
79%
14 Mittelfeld Alara
74%
30 Verteidigung Simon
71%
4 Verteidigung Viggósdóttir
67%
25 Mittelfeld Zadrazil
66%
9 Angriff Damjanović
62%
18 Mittelfeld Tanikawa
62%
6 Verteidigung Hansen
59%
27 Mittelfeld Caruso
58%
19 Verteidigung Naschenweng
58%
2 Verteidigung Gilles
56%
3 Verteidigung Ballisager
52%
38 Tor Klink
49%
28 Mittelfeld Dunst
47%
23 Angriff Padilla-Bidas
47%
Keine übereinstimmenden Quizze gefunden
Verteilung der Resultate
Anzahl Personen mit jedem Resultat
Perzentil nach korrekt beantworteten Fragen
Ihre Resultats-Entwicklung
Sie haben dieses Quiz noch nicht gespielt